Statistiche per Città che hanno cambiato nome

Clicka qui per fare il quiz!

Statistiche generali

  • Questo quiz è stato fatto 40 volte
  • Il punteggio medio è 17 su 30

Statistiche sulle risposte

Nome passatoPaese (attuale)Nome attuale% Corretto
BombayIndiaMumbai
84%
NizzaFranciaNice
84%
Nur-SultanKazakistanAstana
81%
CostantinopoliTurchiaIstanbul
81%
GirgentiItaliaAgrigento
78%
Nouvelle OrléansStati UnitiNew Orleans
78%
LeningradoRussiaSan Pietroburgo
78%
LeopoldvilleR. D. del CongoKinshasa
72%
CalcuttaIndiaKolkata
72%
LittoriaItaliaLatina
72%
Nieuw AmsterdamStati UnitiNew York
72%
LutetiaFranciaParigi
69%
EdoGiapponeTokyo
69%
BataviaIndonesiaGiacarta
66%
SalisburyZimbabweHarare
63%
StalingradoRussiaVolgograd
63%
RagusaCroaziaDubrovnik
59%
DanzigPoloniaGdansk
53%
SaigonVietnamHo Chi Minh
53%
YangonMyanmarRangoon
53%
FiumeCroaziaRijeka
53%
KonigsbergRussiaKaliningrad
50%
LondonderryRegno UnitoDerry
41%
CantonCinaGuangzhou
41%
MadrasIndiaChennai
34%
BenaresIndiaVaranasi
34%
CapodistriaSloveniaKoper
31%
BreslauPoloniaWroclaw
25%
Karl-Marx-StadtGermaniaChemnitz
19%
Mussolinia di SardegnaItaliaArborea
16%

Distribuzione punteggi

Percentile per numero di risposta

Percentuale di utenti per punteggio

I tuoi punteggi nel tempo

Non hai fatto questo quiz